00413nam a2200157Ia 45000010006000000050017000060080041000230410008000640820015000721000038000872450077001252600009002023000028002116500008002396540008002472534420260414151143.0260414t2013||||xx |||||||||||||| ||spa|| aESP a346.5bC28 aCárdenas Rodríguez, LuiseAUT 0aPrescripción civil y penal :bun enfoque doctrinario y jurisprudencial c2013 a207 páginas :c24 cm. aDER aCDE